书目信息 |
| 题名: |
汉字传奇
|
|
| 作者: | 艾星雨 编著 | |
| 分册: | ||
| 出版信息: | 太原 山西教育出版社 2015 |
|
| 页数: | 252页 | |
| 开本: | 22cm | |
| 丛书名: | ||
| 单 册: | ||
| 中图分类: | H12-49 | |
| 科图分类: | ||
| 主题词: | 汉字--通俗读物 | |
| 电子资源: | ||
| ISBN: | 978-7-5440-7558-9 | |
| 000 | 00734nam0 2200229 450 | |
| 001 | 3288 | |
| 005 | 20180527144157.86 | |
| 010 | @a978-7-5440-7558-9@dCNY16.00 | |
| 100 | @a20150712d2015 em y0chiy50 ea | |
| 101 | 0 | @achi |
| 102 | @aCN@b140000 | |
| 105 | @aa z 000yy | |
| 200 | 1 | @a汉字传奇@9han zi chuan qi@dThe legend of Chinese characters@zeng@f艾星雨编著 |
| 210 | @a太原@c山西教育出版社@d2015 | |
| 215 | @a252页@c图@d22cm | |
| 330 | @a本书讲述了汉字的过去、现在和未来,传播汉字的一些知识,探索汉字的特点和演变规律。 | |
| 510 | 1 | @aLegend of Chinese characters@zeng |
| 606 | 0 | @a汉字@j通俗读物 |
| 690 | @aH12-49@v5 | |
| 701 | 0 | @a艾星雨@9ai xing yu@4编著 |
| 801 | 0 | @aCN@b91MARC@c20150712 |
| 905 | @aMuseLib@dH12-49@e180 | |
| 汉字传奇=The legend of Chinese characters/艾星雨编著.-太原:山西教育出版社,2015 |
| 252页:图;22cm |
| ISBN 978-7-5440-7558-9:CNY16.00 |
| 本书讲述了汉字的过去、现在和未来,传播汉字的一些知识,探索汉字的特点和演变规律。 |
| ● |
| 相关链接 |
|
|
|
|
正题名:汉字传奇
索取号:H12-49/180
 
预约/预借
| 序号 | 登录号 | 条形码 | 馆藏地/架位号 | 状态 | 备注 |
| 1 | 1108600 | 211086000 | 第二样本阅览室/ [索取号:H12-49/180] | 在馆 | |
| 2 | 1108601 | 211086019 | 教育系资料室/ [索取号:H12-49/180] | 在馆 | |
| 3 | 1108602 | 211086028 | 教育系资料室/ [索取号:H12-49/180] | 在馆 | |
| 4 | 1108603 | 211086037 | 第四借阅区/ [索取号:H12-49/180] | 在馆 |